000
00349nam a2200157Ia 4500
100
_a
Gibson/William E/ Kaufmann/George G
650
_a
General
942
_c
BK
654
_a
ECONOMICS
245
_a
Monetary Economics
260
_b
Tata Mc Graw hill
_a
NONE
_c
1975
082
_a
332.46
_b
GIB
300
_a
509
546
_a
ENGLISH
999
_c
28582
_d
28582